|
|
|
|
| LEADER |
00000nam0a2200000 4500 |
| 001 |
355410 |
| 005 |
20231102010806.0 |
| 035 |
|
|
|a (RuTPU)RU\TPU\retro\12669
|
| 035 |
|
|
|a RU\TPU\retro\12667
|
| 090 |
|
|
|a 355410
|
| 100 |
|
|
|a 20200707d1970 k y0rusy50 ca
|
| 101 |
0 |
|
|a rus
|a eng
|
| 102 |
|
|
|a RU
|
| 105 |
|
|
|a a z 001zy
|
| 200 |
1 |
|
|a Сборник кратких сообщений по минералогии и геохимии за 1968 г.
|f Всесоюзный научно-исследовательский институт минерального сырья (ВИМС) ; под ред. А. И. Гинзбурга ; под ред. Л. Г. Фельдмана
|
| 210 |
|
|
|a Москва
|c Госгеолтехиздат
|d 1970
|
| 215 |
|
|
|a 246 с.
|c ил., карты
|
| 225 |
1 |
|
|a Труды Всесоюзного научно-исследовательского института минерального сырья
|v Вып. 1
|
| 320 |
|
|
|9 572
|a Библиогр. в конце ст.
|
| 606 |
1 |
|
|a Минералогия
|2 stltpush
|3 (RuTPU)RU\TPU\subj\43907
|9 63333
|
| 606 |
1 |
|
|a Геохимия
|2 stltpush
|3 (RuTPU)RU\TPU\subj\6296
|9 34219
|
| 610 |
1 |
|
|a минералы
|
| 610 |
1 |
|
|a свойства
|
| 610 |
1 |
|
|a строение
|
| 610 |
1 |
|
|a минералогические исследования
|
| 610 |
1 |
|
|a петрология
|
| 610 |
1 |
|
|a генетическая минералогия
|
| 610 |
1 |
|
|a методы
|
| 675 |
|
|
|a 549
|v 4
|
| 675 |
|
|
|a 550.4
|v 4
|
| 702 |
|
1 |
|a Гинзбург
|b А. И.
|4 340
|
| 702 |
|
1 |
|a Фельдман
|b Л. Г.
|4 340
|
| 712 |
0 |
2 |
|a Всесоюзный научно-исследовательский институт минерального сырья (ВИМС)
|c (Москва)
|c (1935-1991)
|2 stltpush
|3 (RuTPU)RU\TPU\col\18352
|
| 801 |
|
1 |
|a RU
|b 63413507
|c 20171121
|
| 801 |
|
2 |
|a RU
|b 63413507
|c 20211213
|g RCR
|
| 942 |
|
|
|c BK
|